01001cam a2200265 i 450000100060000000300080000600500170001400800390003102000170007003500190008704000310010604100080013708200220014511000570016711100740022424501310029826000570042930000290048649000390051550400510055465000330060565000370063871000400067583000200071513727BD-RjUL20211208235513.0140201s1974 au a b i101 0 eng a9201390742 : a(BD-RjUL)13779 aDLCcBD-RjULdBD-RjULbeng aeng00a621.484bINF 1974 aINTERNATIONAL ATOMIC ENERGY AGENCY, cVIENNA, d19742 aWorkshop on Fusion Reactor Design Problemsd(1974 :cCulham, England)10aFusion reactor design problems :bproceedings of an IAEA workshop held at Culham, United Kingdom, 29 January-15 February 1974. aVienna :bInternational Atomic Energy Agency,c1974. a540 p. :bill. ;c24 cm.1 aNuclear fusion. Special supplement aIncludes bibliographical references and index. 0aFusion reactorsxCongresses. 0aNuclear engineeringxCongresses.2 aInternational Atomic Energy Agency. 0aNuclear fusion.